| 000 | 01487cam a2200277 4500 | ||
|---|---|---|---|
| 001 | ##L135319 | ||
| 002 | ##11573 | ||
| 008 | 061013n2006 000 0 eng u | ||
| 020 |
_a0749448040 _a9780749448042 |
||
| 035 | _a(Sirsi) u135319 | ||
| 041 | 0 | _aeng | |
| 050 | 0 | 4 | _a346.4104342 $2 18 |
| 100 | 1 | _aHodgkinson, Liz | |
| 245 | 0 | 4 | _aThe complete guide to letting property |
| 250 | _a6th ed. | ||
| 260 |
_aLondon _bKogan Page _c2006 |
||
| 300 |
_ax, 305p. _c22cm. |
||
| 350 | _a10.99 | ||
| 505 | 2 | _aIs letting for you? -- Finding the right property -- Working out the numbers -- Decor and renovation -- Finding suitable tenants -- Rights and obligations -- Becoming a portfolio landlord -- Buying and letting property abroad -- Mostly for tenants -- Resources. | |
| 520 | _aOffers reliable advice on all aspects of becoming a landlord and valuable guidance on choosing a property, calculating finances, buying abroad, picking an agent and dealing with tenants and lodgers. The new edition contains further information on landlord associations, tenancy deposit schemes, health and safety issues, problems with social tenants the licensing of HMOs, REITs , energy efficiency matters, newbuild properties and guaranteed rents. | ||
| 520 | _aSupersedes fifth ed. (ISBN 0749443553) | ||
| 590 | _aIKA141106 | ||
| 651 | 0 | 4 |
_aEngland and Wales _y1543- |
| 690 | _aPROPERTY-RESIDENTIAL PROPERTY-LEASEHOLD RESIDENTIAL PROPERTY-TENANTED LEASEHOLD RESIDENTIAL PROPERTY | ||
| 942 | _n0 | ||
| 999 |
_c106001 _d106001 |
||